Metallography as a quality control tool / (Record no. 11987)
[ view plain ]
| 000 -LEADER | |
|---|---|
| fixed length control field | 01010cam a2200265 i 4500 |
| 001 - CONTROL NUMBER | |
| control field | 408643 |
| 005 - DATE AND TIME OF LATEST TRANSACTION | |
| control field | 19840614000000.0 |
| 008 - FIXED-LENGTH DATA ELEMENTS--GENERAL INFORMATION | |
| fixed length control field | 800110s1980 nyua b 101 0 eng |
| 010 ## - LIBRARY OF CONGRESS CONTROL NUMBER | |
| LC control number | 80000388 |
| 020 ## - INTERNATIONAL STANDARD BOOK NUMBER | |
| International Standard Book Number | 0306404230 |
| 040 ## - CATALOGING SOURCE | |
| Original cataloging agency | DLC |
| Transcribing agency | DLC |
| Modifying agency | DLC |
| 050 00 - LIBRARY OF CONGRESS CALL NUMBER | |
| Classification number | TN689.2 |
| Item number | .M443 |
| 082 00 - DEWEY DECIMAL CLASSIFICATION NUMBER | |
| Classification number | 669.95 |
| Edition number | 19 |
| Item number | MET |
| 245 00 - TITLE STATEMENT | |
| Title | Metallography as a quality control tool / |
| Statement of responsibility, etc | edited by James L. McCall and P. M. French. |
| 260 ## - PUBLICATION, DISTRIBUTION, ETC. (IMPRINT) | |
| Place of publication, distribution, etc | New York : |
| Name of publisher, distributor, etc | Plenum Press, |
| Date of publication, distribution, etc | c1980. |
| 300 ## - PHYSICAL DESCRIPTION | |
| Extent | vii, 337 p. : |
| Other physical details | ill. ; |
| Dimensions | 26 cm. |
| 500 ## - GENERAL NOTE | |
| General note | Proceedings of the symposium held July 8-9, 1979. |
| 504 ## - BIBLIOGRAPHY, ETC. NOTE | |
| Bibliography, etc | Includes bibliographical references and indexes. |
| 650 #0 - SUBJECT ADDED ENTRY--TOPICAL TERM | |
| Topical term or geographic name as entry element | Metallography |
| General subdivision | Congresses. |
| 9 (RLIN) | 6767 |
| 650 #0 - SUBJECT ADDED ENTRY--TOPICAL TERM | |
| Topical term or geographic name as entry element | Quality control |
| General subdivision | Congresses. |
| 9 (RLIN) | 6768 |
| 700 1# - ADDED ENTRY--PERSONAL NAME | |
| Personal name | McCall, James L. |
| 9 (RLIN) | 6769 |
| 700 1# - ADDED ENTRY--PERSONAL NAME | |
| Personal name | French, P. M. |
| Fuller form of name | (Peter Michael), |
| Dates associated with a name | 1935- |
| 9 (RLIN) | 6770 |
| 942 ## - ADDED ENTRY ELEMENTS (KOHA) | |
| Source of classification or shelving scheme | Dewey Decimal Classification |
| Item type | Book - Borrowing |
| Withdrawn status | Item status | Source of classification or shelving scheme | Damaged status | Not for loan | Vendor | Home library | Current library | Shelving location | Date acquired | Source of acquisition | Cost, normal purchase price | Serial Enumeration / chronology | Total Checkouts | Full call number | Barcode | Date last seen | Koha item type |
|---|---|---|---|---|---|---|---|---|---|---|---|---|---|---|---|---|---|
| Dewey Decimal Classification | Alef-Baa | Central Library | Central Library | First floor | 23/06/2009 | 880.00 | 150 | 669.95 MET | 000016699 | 15/07/2025 | Book - Borrowing |